Capitals with Five Letters - Statistics

General Stats
  • This quiz has been taken 23,279 times
    20,240 since last reset
  • The average score is 11 of 20
Answer Stats
Continent Capital % Correct
Europe Paris
88%
Africa Cairo
79%
Asia Tokyo
76%
South America Quito
68%
Asia Seoul
59%
Africa Tunis
57%
Africa Rabat
55%
Europe Sofia
55%
Europe Minsk
54%
South America Sucre
53%
Asia Hanoi
50%
Africa Abuja
49%
Africa Dakar
47%
Africa Accra
46%
Asia Amman
45%
Asia Dhaka
45%
Europe Vaduz
43%
Asia Kabul
37%
Oceania Yaren
29%
Africa Praia
24%
No matching quizzes found
Score Distribution
Percent of People with Each Score
Percentile by Number Answered
Your Score History
You have not taken this quiz since the last reset